000
00351nam a2200181Ia 4500
100
_a
Demtroder/W
650
_a
Spectroscopy
250
_a
3
942
_c
BK
366
_f
20
654
_a
spectroscopy
245
_a
Laser Spectroscopy
260
_b
Springer
_c
2003
082
_a
543
_b
DEM
300
_a
987
546
_a
ENGLISH
999
_c
21197
_d
21197